[Event "Béthune Op A"]
[Site "Bethune"]
[Date "2009.12.26"]
[Round "1.15"]
[White "Denayer, Eric"]
[Black "Jolly, Jean Francois"]
[Result "0-1"]
[WhiteElo "2254"]
[BlackElo "2406"]
[PlyCount "58"]
[EventDate "2009.12.30"]
[EventType "swiss"]
[EventRounds "9"]
[EventCountry "FRA"]
[WhiteTeamCountry "FRA"]
[BlackTeamCountry "FRA"]

1. Nf3 Nf6 2. d4 g6 3. c4 Bg7 4. Nc3 O-O 5. e4 d6 6. Be2 Nbd7 7. O-O e5 8. d5
Nc5 9. Qc2 a5 10. Re1 Ne8 11. Nd2 f5 12. exf5 gxf5 13. f4 Nf6 14. Nb3 Ng4 15.
Bxg4 Nxb3 16. axb3 fxg4 17. Rf1 Bf5 18. Qe2 Qe8 19. fxe5 Qg6 20. Be3 Bxe5 21.
Qd2 Bxh2+ 22. Kxh2 g3+ 23. Kg1 Qh5 24. Rf3 Qh2+ 25. Kf1 Bg4 26. Ne2 Bxf3 27.
gxf3 Rxf3+ 28. Ke1 Re8 29. Qd4 Rfxe3 0-1

[Event "Béthune Op A"]
[Site "Bethune"]
[Date "2009.12.26"]
[Round "1.16"]
[White "Miedema, Roi"]
[Black "Dubreuil, Julien"]
[Result "1-0"]
[WhiteElo "2400"]
[BlackElo "2249"]
[PlyCount "165"]
[EventDate "2009.12.30"]
[EventType "swiss"]
[EventRounds "9"]
[EventCountry "FRA"]
[WhiteTeamCountry "FRA"]
[BlackTeamCountry "FRA"]

1. c4 e5 2. Nc3 Nc6 3. g3 g6 4. Bg2 Bg7 5. e3 d6 6. Nge2 Nf6 7. O-O O-O 8. Nd5
Nb8 9. d4 Nbd7 10. Ndc3 Re8 11. Qc2 c6 12. d5 cxd5 13. cxd5 a6 14. a4 e4 15.
Rd1 Nc5 16. h3 h5 17. Nd4 Re5 18. b4 Nd3 19. Nxe4 Nxb4 20. Nxf6+ Bxf6 21. Qb3
a5 22. Ba3 Qb6 23. Rab1 Bd7 24. Bxb4 axb4 25. Qxb4 Qxb4 26. Rxb4 Ree8 27. Ra1
Bxd4 28. Rxd4 b5 29. a5 Ra7 30. Rd2 Rea8 31. Rda2 b4 32. h4 b3 33. Rb2 Rxa5 34.
Rxa5 Rxa5 35. Rxb3 Kf8 36. Rb7 Ke8 37. Bf3 Ra1+ 38. Kg2 Re1 39. Be4 Rd1 40. Rb2
Bg4 41. Rb7 Rd2 42. Rb3 Be2 43. Rc3 Bg4 44. Rd3 Rb2 45. Rd4 Ke7 46. Bf3 Bd7 47.
Bd1 Ra2 48. Kf1 Bb5+ 49. Ke1 Bd7 50. Rd2 Ra1 51. Ke2 Bg4+ 52. f3 Bd7 53. e4 Ra3
54. Bc2 Bb5+ 55. Bd3 Bd7 56. Rb2 Ke8 57. Rb7 Ra2+ 58. Ke3 Ra3 59. Kd4 Ra4+ 60.
Bc4 f6 61. Kc3 Ra3+ 62. Rb3 Ra1 63. Rb8+ Ke7 64. Rb7 Ke8 65. Bd3 Rg1 66. e5
fxe5 67. Bxg6+ Kd8 68. Bxh5 Rxg3 69. Kd2 Rg2+ 70. Ke3 Rh2 71. Rb4 Rh1 72. Bg6
Ke7 73. h5 Re1+ 74. Kf2 Rh1 75. Kg2 Ra1 76. Rb7 e4 77. fxe4 Ra2+ 78. Kg3 Ra3+
79. Kh4 Rh3+ 80. Kg5 Rg3+ 81. Kh6 Rg1 82. Kg7 Kd8 83. h6 1-0

[Event "Béthune Op A"]
[Site "Bethune"]
[Date "2009.12.26"]
[Round "1.17"]
[White "Nielsen, Lars Aaes"]
[Black "Alienkin, Aleksander"]
[Result "1/2-1/2"]
[WhiteElo "2248"]
[BlackElo "2398"]
[PlyCount "64"]
[EventDate "2009.12.30"]
[EventType "swiss"]
[EventRounds "9"]
[EventCountry "FRA"]
[WhiteTeamCountry "FRA"]
[BlackTeamCountry "FRA"]

1. e4 e6 2. d4 d5 3. Nc3 Nf6 4. Bg5 dxe4 5. Nxe4 Be7 6. Bxf6 gxf6 7. Qd3 f5 8.
Nc3 c6 9. O-O-O Nd7 10. f4 b6 11. Be2 Qc7 12. g3 Bb7 13. Nf3 O-O-O 14. Ng5 Bxg5
15. fxg5 Kb8 16. Qe3 Nf8 17. Rhf1 Ng6 18. h4 Rd7 19. h5 Ne7 20. g4 Rhd8 21. Bd3
Rxd4 22. gxf5 exf5 23. Rde1 R4d7 24. Bxf5 Nxf5 25. Rxf5 Bc8 26. Rf6 Rd6 27.
Rxd6 Rxd6 28. Qe8 Rd4 29. Rf1 Rf4 30. Re1 Rf2 31. Qe3 Rh2 32. h6 Be6 1/2-1/2

[Event "Béthune Op A"]
[Site "Bethune"]
[Date "2009.12.26"]
[Round "1.18"]
[White "Ringoir, Tanguy"]
[Black "Song, Julien"]
[Result "1/2-1/2"]
[WhiteElo "2396"]
[BlackElo "2246"]
[PlyCount "124"]
[EventDate "2009.12.30"]
[EventType "swiss"]
[EventRounds "9"]
[EventCountry "FRA"]
[WhiteTeamCountry "FRA"]
[BlackTeamCountry "FRA"]

1. e4 e6 2. d4 d5 3. Nd2 Be7 4. Bd3 Nc6 5. Ngf3 Nb4 6. Be2 c5 7. c3 Nc6 8. exd5
Qxd5 9. c4 Qd8 10. dxc5 Bxc5 11. O-O Nf6 12. Nb3 Be7 13. Qxd8+ Nxd8 14. Rd1 Nc6
15. Nbd4 Nxd4 16. Nxd4 e5 17. Nb5 O-O 18. Be3 b6 19. h3 Bd7 20. Bf3 Rac8 21.
Nxa7 Rxc4 22. b3 Rc2 23. Bxb6 Rb8 24. Be3 Ba3 25. g4 h6 26. Re1 e4 27. Be2 Bb4
28. Bd1 Rc7 29. Re2 Rbb7 30. a4 Rxa7 31. Bxa7 Rxa7 32. Rc1 Be6 33. Rec2 Nd5 34.
Rc4 Bd2 35. R1c2 e3 36. fxe3 Bxe3+ 37. Kh1 Nf6 38. Rb4 Bd5+ 39. Kh2 Be4 40.
Rc8+ Kh7 41. Bc2 Bf4+ 42. Kg1 Bxc2 43. Rxc2 g5 44. Rb5 Rd7 45. a5 Ne4 46. b4
Rd1+ 47. Kg2 Nd2 48. Rd5 Be3 49. Rcxd2 Rxd2+ 50. Rxd2 Bxd2 51. a6 Be3 52. Kf3
Ba7 53. Ke4 Kg6 54. b5 h5 55. Kd5 hxg4 56. hxg4 f5 57. gxf5+ Kxf5 58. Kc6 g4
59. b6 Bxb6 60. Kxb6 g3 61. a7 g2 62. a8=Q g1=Q+ 1/2-1/2

[Event "Béthune Op A"]
[Site "Bethune"]
[Date "2009.12.26"]
[Round "1.19"]
[White "Cruz Lledo, Pablo"]
[Black "Lagarde, Maxime"]
[Result "1/2-1/2"]
[WhiteElo "2242"]
[BlackElo "2393"]
[PlyCount "79"]
[EventDate "2009.12.30"]
[EventType "swiss"]
[EventRounds "9"]
[EventCountry "FRA"]
[WhiteTeamCountry "FRA"]
[BlackTeamCountry "FRA"]

1. d4 Nf6 2. c4 g6 3. Nc3 d5 4. cxd5 Nxd5 5. e4 Nxc3 6. bxc3 Bg7 7. Bc4 c5 8.
Ne2 O-O 9. O-O Nc6 10. Be3 Qc7 11. Rc1 Rd8 12. Qd2 b6 13. Rfd1 Bb7 14. f3 Na5
15. Bd3 e5 16. d5 c4 17. Bc2 Qd6 18. f4 f6 19. Ng3 Rac8 20. Rf1 Rc7 21. h4 exf4
22. Bxf4 Qc5+ 23. Be3 Bh6 24. Rce1 Bxe3+ 25. Rxe3 Nc6 26. Ne2 Ne5 27. Nd4 Qe7
28. Bd1 Bc8 29. Qf2 Rf8 30. Qg3 Qd8 31. h5 Rg7 32. h6 Re7 33. Ba4 Bd7 34. Bxd7
Qxd7 35. Re2 Qg4 36. Qxg4 Nxg4 37. Ne6 Rff7 38. Nd8 Rf8 39. Ne6 Rff7 40. Nd8
1/2-1/2

[Event "Béthune Op A"]
[Site "Bethune"]
[Date "2009.12.26"]
[Round "1.20"]
[White "Milliet, Sophie"]
[Black "Mandon, Fabrice"]
[Result "1-0"]
[WhiteElo "2390"]
[BlackElo "2241"]
[PlyCount "55"]
[EventDate "2009.12.30"]
[EventType "swiss"]
[EventRounds "9"]
[EventCountry "FRA"]
[WhiteTeamCountry "FRA"]
[BlackTeamCountry "FRA"]

1. e4 c5 2. c3 Nf6 3. e5 Nd5 4. Nf3 Nc6 5. d4 cxd4 6. Bc4 Nb6 7. Bb3 d5 8. exd6
Qxd6 9. O-O Bf5 10. Nxd4 Nxd4 11. cxd4 g6 12. Re1 Bg7 13. Bg5 Bf6 14. Bxf6 Qxf6
15. Nc3 O-O 16. Qf3 Rad8 17. Rad1 Rd7 18. h3 h5 19. d5 Kg7 20. Ne2 Rfd8 21. Nd4
e6 22. dxe6 Rxd4 23. Rxd4 Rxd4 24. Qxb7 Rd2 25. Qxa7 Nc8 26. Qxf7+ Qxf7 27.
exf7 Rd6 28. Re8 1-0

[Event "Béthune Op A"]
[Site "Bethune"]
[Date "2009.12.26"]
[Round "2.1"]
[White "Gharamian, Tigran"]
[Black "Miedema, Roi"]
[Result "1/2-1/2"]
[WhiteElo "2614"]
[BlackElo "2400"]
[PlyCount "45"]
[EventDate "2009.12.30"]
[EventType "swiss"]
[EventRounds "9"]
[EventCountry "FRA"]
[WhiteTeamCountry "FRA"]
[BlackTeamCountry "FRA"]

1. Nf3 Nf6 2. c4 e6 3. g3 d5 4. d4 dxc4 5. Bg2 Nc6 6. Qa4 Bb4+ 7. Bd2 Nd5 8.
Bxb4 Ndxb4 9. O-O Rb8 10. Nc3 a6 11. Ne5 O-O 12. Nxc6 Nxc6 13. Bxc6 bxc6 14.
Qxc4 Qd6 15. Ne4 Qd5 16. Qc2 Qxd4 17. b3 Rb5 18. Rfd1 Qe5 19. Rac1 Rd5 20. Nc3
Rd6 21. Ne4 Rd5 22. Nc3 Rd6 23. Ne4 1/2-1/2

[Event "Béthune Op A"]
[Site "Bethune"]
[Date "2009.12.26"]
[Round "2.3"]
[White "Ootes, Lars"]
[Black "Degraeve, Jean Marc"]
[Result "1/2-1/2"]
[WhiteElo "2367"]
[BlackElo "2573"]
[PlyCount "132"]
[EventDate "2009.12.30"]
[EventType "swiss"]
[EventRounds "9"]
[EventCountry "FRA"]
[WhiteTeamCountry "FRA"]
[BlackTeamCountry "FRA"]

1. e4 Nf6 2. e5 Nd5 3. d4 d6 4. Nf3 dxe5 5. Nxe5 c6 6. Bd3 Nd7 7. Nf3 N7f6 8.
Ne5 g6 9. O-O Bg7 10. Nd2 Nf4 11. Bc4 Be6 12. Bxe6 Nxe6 13. Nb3 Nd7 14. Nf3 Nb6
15. Re1 Qd5 16. Qe2 O-O 17. c3 Rfe8 18. Ne5 Nd7 19. Nxd7 Qxd7 20. Be3 b5 21.
Rac1 a5 22. Qf3 a4 23. Nd2 b4 24. Nc4 Rab8 25. Red1 Qd5 26. Ne5 Bxe5 27. dxe5
Qxf3 28. gxf3 bxc3 29. Rxc3 Rxb2 30. Rxc6 Rxa2 31. Ra6 g5 32. Rd7 Kg7 33. Rda7
Kg6 34. Rxa4 Rxa4 35. Rxa4 Kf5 36. Ra5 h5 37. Kg2 h4 38. Rb5 Rc8 39. Ra5 Rc7
40. Rb5 Rc8 41. Ra5 Rh8 42. h3 Rc8 43. Kh2 Rc7 44. Rb5 Rd7 45. Ra5 Rb7 46. Kg2
Kg6 47. Kh2 Ng7 48. f4 gxf4 49. Bxf4 Rb4 50. Be3 Nf5 51. Kg2 Rb1 52. Rc5 Rd1
53. Ra5 e6 54. Ra4 Kh5 55. Ra7 Nxe3+ 56. fxe3 Rd2+ 57. Kf3 Rh2 58. Rxf7 Rxh3+
59. Kf2 Rg3 60. Rh7+ Kg4 61. Rh6 Rf3+ 62. Ke2 Rf5 63. Rxe6 h3 64. Rg6+ Kh5 65.
Rg8 Rxe5 66. Kf2 Rg5 1/2-1/2

[Event "Béthune Op A"]
[Site "Bethune"]
[Date "2009.12.26"]
[Round "2.5"]
[White "Grekh, Andrey"]
[Black "Oleksienko, Michailo"]
[Result "1-0"]
[WhiteElo "2352"]
[BlackElo "2546"]
[PlyCount "69"]
[EventDate "2009.12.30"]
[EventType "swiss"]
[EventRounds "9"]
[EventCountry "FRA"]
[WhiteTeamCountry "FRA"]
[BlackTeamCountry "FRA"]

1. e4 c5 2. Nf3 Nc6 3. Bb5 g6 4. Bxc6 bxc6 5. O-O Bg7 6. Nc3 Nh6 7. d3 O-O 8.
h3 d6 9. Re1 e5 10. Rb1 a5 11. Na4 f5 12. c3 c4 13. dxc4 fxe4 14. Ng5 d5 15.
cxd5 cxd5 16. Nc5 Qd6 17. Ncxe4 Qc6 18. Ng3 e4 19. c4 Qxc4 20. b3 Qb5 21. Ba3
Rxf2 22. Rc1 Rxa2 23. Rc5 Qb7 24. Rxd5 Bg4 25. hxg4 Rxa3 26. Rd8+ Rxd8 27.
Qxd8+ Bf8 28. Rf1 Qe7 29. Qd5+ Kh8 30. Qa8 Kg8 31. N3xe4 Nxg4 32. Qd5+ Kh8 33.
Nf7+ Kg8 34. Nh6+ Kg7 35. Nxg4 1-0

[Event "Béthune Op A"]
[Site "Bethune"]
[Date "2009.12.26"]
[Round "2.6"]
[White "Cabrera, Alexis"]
[Black "Moussard, Jules"]
[Result "1-0"]
[WhiteElo "2528"]
[BlackElo "2364"]
[PlyCount "111"]
[EventDate "2009.12.30"]
[EventType "swiss"]
[EventRounds "9"]
[EventCountry "FRA"]
[WhiteTeamCountry "FRA"]
[BlackTeamCountry "FRA"]

1. e4 c5 2. Nf3 d6 3. d4 cxd4 4. Nxd4 Nf6 5. Nc3 e5 6. Bb5+ Nbd7 7. Nf5 a6 8.
Bxd7+ Qxd7 9. Ne3 Qc6 10. O-O Be6 11. Qd3 Rc8 12. a4 Be7 13. a5 O-O 14. Bd2 g6
15. Rfc1 Rfd8 16. Ncd5 Bxd5 17. exd5 Qc7 18. b3 Qc5 19. Ra4 Bf8 20. Rb4 Bh6 21.
Rxb7 Bxe3 22. Bxe3 Qxd5 23. Qxa6 Ne4 24. Rd7 Nc3 25. Rxd8+ Rxd8 26. Ra1 Ra8 27.
Qb6 f5 28. Qc7 Ne2+ 29. Kf1 f4 30. Kxe2 fxe3 31. Qc4 Qxc4+ 32. bxc4 exf2 33.
Kxf2 Ra6 34. Ke3 Kf7 35. Ke4 Ke6 36. Ra4 h6 37. c3 h5 38. h4 Kf6 39. Kd5 Kf5
40. c5 dxc5 41. Kxc5 e4 42. Kb5 Ra8 43. a6 e3 44. Ra1 Ke4 45. c4 e2 46. c5 Kd5
47. Kb6 Rb8+ 48. Kc7 Ra8 49. Kb7 Rf8 50. a7 Kxc5 51. Re1 Rf7+ 52. Ka6 Rf6+ 53.
Ka5 Rf1 54. a8=Q Rxe1 55. Qf8+ Kd5 56. Qf3+ 1-0

[Event "Béthune Op A"]
[Site "Bethune"]
[Date "2009.12.26"]
[Round "2.7"]
[White "Simon, Olivier"]
[Black "Lalic, Bogdan"]
[Result "1/2-1/2"]
[WhiteElo "2314"]
[BlackElo "2503"]
[PlyCount "40"]
[EventDate "2009.12.30"]
[EventType "swiss"]
[EventRounds "9"]
[EventCountry "FRA"]
[WhiteTeamCountry "FRA"]
[BlackTeamCountry "FRA"]

1. e4 e5 2. Nf3 Nc6 3. Bb5 Nf6 4. O-O Nxe4 5. d4 Be7 6. Qe2 Nd6 7. Bxc6 bxc6 8.
dxe5 Nb7 9. Nc3 O-O 10. Bf4 d5 11. exd6 cxd6 12. Rad1 Re8 13. Rfe1 Bd7 14. h3
Bf8 15. Qd2 Rxe1+ 16. Rxe1 h6 17. Rd1 Qc8 18. Ne2 d5 19. Ne5 Be8 20. c4 dxc4
1/2-1/2

[Event "Béthune Op A"]
[Site "Bethune"]
[Date "2009.12.26"]
[Round "2.8"]
[White "Platel, Alexandre"]
[Black "Wirig, Anthony"]
[Result "1/2-1/2"]
[WhiteElo "2255"]
[BlackElo "2484"]
[PlyCount "55"]
[EventDate "2009.12.30"]
[EventType "swiss"]
[EventRounds "9"]
[EventCountry "FRA"]
[WhiteTeamCountry "FRA"]
[BlackTeamCountry "FRA"]

1. e4 c5 2. Nf3 e6 3. c3 d5 4. exd5 Qxd5 5. d4 Nf6 6. Na3 Be7 7. Be3 Ng4 8. Bc4
Nxe3 9. fxe3 Qd8 10. O-O Nd7 11. d5 exd5 12. Qxd5 O-O 13. Rad1 Bf6 14. e4 Qe7
15. e5 Nb6 16. Qd3 Nxc4 17. Qxc4 Bg5 18. Nxg5 Qxg5 19. Qxc5 b6 20. Qf2 Be6 21.
Rfe1 Rad8 22. Rd4 Bxa2 23. Nb5 Be6 24. Nxa7 Rxd4 25. cxd4 Qe7 26. Nb5 Qb4 27.
Nc3 Qc4 28. Rd1 1/2-1/2

[Event "Béthune Op A"]
[Site "Bethune"]
[Date "2009.12.26"]
[Round "2.9"]
[White "Michiels, Bart"]
[Black "Saada, Julien"]
[Result "1-0"]
[WhiteElo "2461"]
[BlackElo "2318"]
[PlyCount "117"]
[EventDate "2009.12.30"]
[EventType "swiss"]
[EventRounds "9"]
[EventCountry "FRA"]
[WhiteTeamCountry "FRA"]
[BlackTeamCountry "FRA"]

1. e4 c6 2. d4 d5 3. Nc3 dxe4 4. Nxe4 Bf5 5. Ng3 Bg6 6. Nh3 e6 7. Nf4 Bd6 8.
Ngh5 Bxh5 9. Nxh5 g6 10. Ng3 Qh4 11. Be3 Ne7 12. Qd2 h6 13. Bd3 Nd5 14. Ne4 Bf4
15. O-O-O Bxe3 16. fxe3 Qe7 17. Qf2 f5 18. Nc5 b6 19. Nb3 O-O 20. h4 Nf6 21.
Qf4 Kh7 22. e4 Nh5 23. Qf3 Qc7 24. exf5 exf5 25. Rhe1 Rf7 26. Bc4 Rg7 27. Re8
Nf6 28. Re6 Nbd7 29. Rxc6 Qb7 30. Re6 Qxf3 31. gxf3 Rc8 32. Nd2 Nh5 33. Rde1
Rc7 34. Bf1 Nf4 35. Rd6 Rf7 36. Nc4 Ng2 37. Bxg2 Rxc4 38. f4 Nf6 39. Ree6 Nh5
40. Rxg6 Nxf4 41. Rxh6+ Kg7 42. Bf1 Rcc7 43. Kd2 Rf8 44. c4 Re7 45. c5 bxc5 46.
dxc5 Rfe8 47. Bb5 Rc8 48. Rc6 Rd8+ 49. Rcd6 Rc8 50. c6 Rb8 51. a4 a6 52. Bxa6
Rxb2+ 53. Kc3 Rg2 54. Kb4 Nd5+ 55. Ka5 Nc3 56. Rh5 Re5+ 57. Bb5 Rb2 58. Rd7+
Kg6 59. Rhh7 1-0

[Event "Béthune Op A"]
[Site "Bethune"]
[Date "2009.12.26"]
[Round "2.10"]
[White "Friess, Nicolas"]
[Black "Bernal Moro, Luis Javier"]
[Result "1/2-1/2"]
[WhiteElo "2212"]
[BlackElo "2444"]
[PlyCount "43"]
[EventDate "2009.12.30"]
[EventType "swiss"]
[EventRounds "9"]
[EventCountry "FRA"]
[WhiteTeamCountry "FRA"]
[BlackTeamCountry "FRA"]

1. d4 Nf6 2. c4 g6 3. f3 c5 4. d5 e5 5. Nc3 d6 6. e4 Nh5 7. Be3 Be7 8. Qd2 f5
9. Nge2 Ng7 10. O-O-O Nd7 11. g3 O-O 12. Bg2 Nf6 13. h3 a6 14. Kb1 Qe8 15. f4
exf4 16. Bxf4 Nxe4 17. Bxe4 fxe4 18. g4 e3 19. Qxe3 g5 20. Bh2 b5 21. Ka1 Ra7
22. Ne4 1/2-1/2

[Event "Béthune Op A"]
[Site "Bethune"]
[Date "2009.12.26"]
[Round "2.11"]
[White "Shirazi, Kamran"]
[Black "Chevant, Louis"]
[Result "1-0"]
[WhiteElo "2433"]
[BlackElo "2169"]
[PlyCount "101"]
[EventDate "2009.12.30"]
[EventType "swiss"]
[EventRounds "9"]
[EventCountry "FRA"]
[WhiteTeamCountry "FRA"]
[BlackTeamCountry "FRA"]

1. e4 e6 2. d4 d5 3. exd5 exd5 4. c4 Bb4+ 5. Nc3 Nf6 6. Bg5 O-O 7. Bd3 dxc4 8.
Bxc4 Qe8+ 9. Nge2 Ne4 10. Be3 Bg4 11. Qc2 Bf5 12. Bd3 Nxc3 13. bxc3 Bxd3 14.
Qxd3 Bd6 15. O-O Nd7 16. Rfe1 Nf6 17. c4 Ng4 18. Bf4 Qd7 19. h3 Bxf4 20. Nxf4
Nf6 21. Re5 Rfe8 22. Qe3 Qc6 23. Rc1 Rxe5 24. dxe5 Re8 25. Rd1 h6 26. Nd5 Nxd5
27. cxd5 Qc2 28. Rd4 Qxa2 29. Kh2 a5 30. f4 Qc2 31. Re4 Qd1 32. e6 fxe6 33.
dxe6 Qd6 34. Re5 a4 35. Qe4 a3 36. Qg6 Re7 37. Kg3 a2 38. Ra5 Qd8 39. Rxa2 Qe8
40. Qxe8+ Rxe8 41. f5 g5 42. Rd2 Kf8 43. Kf3 Ke7 44. Rd7+ Kf6 45. Ke4 Re7 46.
Rxe7 Kxe7 47. Ke5 b5 48. f6+ Ke8 49. Kf5 b4 50. Kg6 b3 51. f7+ 1-0

[Event "Béthune Op A"]
[Site "Bethune"]
[Date "2009.12.26"]
[Round "2.12"]
[White "Jolly, Jean Francois"]
[Black "Larmuseau, Maarten"]
[Result "1-0"]
[WhiteElo "2406"]
[BlackElo "2160"]
[PlyCount "51"]
[EventDate "2009.12.30"]
[EventType "swiss"]
[EventRounds "9"]
[EventCountry "FRA"]
[WhiteTeamCountry "FRA"]
[BlackTeamCountry "FRA"]

1. e4 e6 2. d4 d5 3. Nc3 Bb4 4. e5 b6 5. a3 Bf8 6. f4 Ne7 7. Nf3 Qd7 8. b4 Nf5
9. g4 Nh6 10. h3 c5 11. bxc5 bxc5 12. Bb5 Nc6 13. Be3 Qc7 14. O-O cxd4 15. Nxd4
Bd7 16. Nxc6 Bxc6 17. Qd4 a6 18. Bd3 Bd7 19. Na4 Rc8 20. Rfb1 Qa5 21. Nb6 Bc5
22. Nxc8 Bxd4 23. Nd6+ Ke7 24. Bxd4 Bc6 25. Rb4 Ra8 26. Bb6 1-0

[Event "Béthune Op A"]
[Site "Bethune"]
[Date "2009.12.26"]
[Round "2.13"]
[White "Song, Julien"]
[Black "Grachev, Boris"]
[Result "0-1"]
[WhiteElo "2246"]
[BlackElo "2652"]
[PlyCount "66"]
[EventDate "2009.12.30"]
[EventType "swiss"]
[EventRounds "9"]
[EventCountry "FRA"]
[WhiteTeamCountry "FRA"]
[BlackTeamCountry "FRA"]

1. d4 d5 2. Nf3 e6 3. c4 Nf6 4. Bg5 Nbd7 5. e3 Be7 6. Nc3 O-O 7. Rc1 a6 8. cxd5
exd5 9. Bd3 c6 10. Qc2 Re8 11. O-O Nf8 12. h3 Ne4 13. Bxe7 Qxe7 14. Bxe4 dxe4
15. Nd2 Bf5 16. f4 Rad8 17. Ne2 Ng6 18. Qc5 Qf6 19. Qb6 Bc8 20. Rc5 h6 21. Nc4
Ne7 22. Nc3 Qg6 23. Kh2 f6 24. Rd1 h5 25. d5 Nf5 26. Ne2 Be6 27. d6 Rd7 28. Qb4
Red8 29. Qc3 b5 30. Nb6 Rxd6 31. Rxd6 Rxd6 32. Rxc6 Nxe3 33. Ng3 h4 0-1

[Event "Béthune Op A"]
[Site "Bethune"]
[Date "2009.12.26"]
[Round "2.14"]
[White "Doncea, Vladimir"]
[Black "Nielsen, Lars Aaes"]
[Result "1-0"]
[WhiteElo "2493"]
[BlackElo "2248"]
[PlyCount "67"]
[EventDate "2009.12.30"]
[EventType "swiss"]
[EventRounds "9"]
[EventCountry "FRA"]
[WhiteTeamCountry "FRA"]
[BlackTeamCountry "FRA"]

1. c4 e6 2. g3 d5 3. Nf3 Nf6 4. Bg2 Be7 5. d4 O-O 6. Qc2 b6 7. cxd5 exd5 8. O-O
c5 9. Rd1 Nc6 10. Nc3 Bg4 11. Be3 Rc8 12. Rac1 c4 13. Ne5 Be6 14. Bg5 Nxe5 15.
dxe5 Ng4 16. Bxd5 Qc7 17. Bxe7 Qxe7 18. Qe4 Qg5 19. f3 Qe3+ 20. Qxe3 Nxe3 21.
Bxe6 Nxd1 22. Bxc8 Nxc3 23. Rxc3 Rxc8 24. b3 b5 25. bxc4 bxc4 26. Kf2 Rc5 27.
f4 g5 28. a4 gxf4 29. gxf4 Rc6 30. h3 Kg7 31. Ke3 Rh6 32. Kd4 Rh4 33. Rg3+ Kf8
34. e3 1-0

[Event "Béthune Op A"]
[Site "Bethune"]
[Date "2009.12.26"]
[Round "2.16"]
[White "Bakalarz, Mietek"]
[Black "Ringoir, Tanguy"]
[Result "0-1"]
[WhiteElo "2283"]
[BlackElo "2396"]
[PlyCount "92"]
[EventDate "2009.12.30"]
[EventType "swiss"]
[EventRounds "9"]
[EventCountry "FRA"]
[WhiteTeamCountry "FRA"]
[BlackTeamCountry "FRA"]

1. d4 d5 2. Nf3 Nf6 3. c4 c6 4. cxd5 cxd5 5. Nc3 Nc6 6. Bf4 Nh5 7. Bd2 e6 8. g4
Nf6 9. h3 Bd6 10. Bg2 O-O 11. O-O a6 12. Rc1 Bd7 13. Bg5 h6 14. Be3 b5 15. a3
Qb8 16. Qd2 Rc8 17. Ne1 a5 18. Nd3 b4 19. Nb1 Be8 20. Bf4 Bxf4 21. Nxf4 bxa3
22. bxa3 Nd7 23. e4 dxe4 24. d5 exd5 25. Nxd5 Qd6 26. Rfe1 Nce5 27. Rxc8 Rxc8
28. Bxe4 Nc5 29. Bg2 Ncd3 30. Rf1 Bc6 31. Qxa5 Bxd5 32. Qxd5 Qf6 33. Nd2 Nf4
34. Qb7 Re8 35. Ne4 Qg6 36. Ng3 Qg5 37. Qe4 g6 38. Re1 Nf3+ 39. Qxf3 Rxe1+ 40.
Kh2 Qe5 41. a4 Ra1 42. Qc6 Qe1 43. Nh1 Qg1+ 44. Kg3 Nxg2 45. Qa8+ Kg7 46. Qxg2
Qxh1 0-1

[Event "Béthune Op A"]
[Site "Bethune"]
[Date "2009.12.26"]
[Round "2.17"]
[White "Lagarde, Maxime"]
[Black "Nijs, Nils"]
[Result "1-0"]
[WhiteElo "2393"]
[BlackElo "2223"]
[PlyCount "49"]
[EventDate "2009.12.30"]
[EventType "swiss"]
[EventRounds "9"]
[EventCountry "FRA"]
[WhiteTeamCountry "FRA"]
[BlackTeamCountry "FRA"]

1. e4 c5 2. Nf3 d6 3. d4 cxd4 4. Nxd4 Nf6 5. Nc3 g6 6. Be3 Bg7 7. f3 O-O 8. Qd2
Nc6 9. Bc4 Bd7 10. O-O-O Rc8 11. Bb3 Nxd4 12. Bxd4 b5 13. Nd5 Nxd5 14. Bxg7
Kxg7 15. exd5 a5 16. a3 Rc5 17. h4 Kg8 18. h5 Qc7 19. g4 b4 20. Qh6 Rc8 21.
hxg6 Rxc2+ 22. Kb1 Rxb2+ 23. Kxb2 Qc3+ 24. Ka2 a4 25. Qxh7+ 1-0

[Event "Béthune Op A"]
[Site "Bethune"]
[Date "2009.12.26"]
[Round "2.18"]
[White "Van der Stricht, Geert"]
[Black "Cruz Lledo, Pablo"]
[Result "1-0"]
[WhiteElo "2389"]
[BlackElo "2242"]
[PlyCount "33"]
[EventDate "2009.12.30"]
[EventType "swiss"]
[EventRounds "9"]
[EventCountry "FRA"]
[WhiteTeamCountry "FRA"]
[BlackTeamCountry "FRA"]

1. d4 d5 2. c4 c6 3. Nf3 Nf6 4. Nbd2 a6 5. e3 Bg4 6. Qb3 b5 7. cxd5 Bxf3 8.
Nxf3 Qxd5 9. Bd3 Nbd7 10. O-O c5 11. e4 c4 12. exd5 cxb3 13. axb3 Nb6 14. Rxa6
Rxa6 15. Bxb5+ Nfd7 16. Bxa6 Nxd5 17. Bb5 1-0

[Event "Béthune Op A"]
[Site "Bethune"]
[Date "2009.12.26"]
[Round "2.19"]
[White "Smits, Sebastiaan"]
[Black "Geirnaert, Steven"]
[Result "0-1"]
[WhiteElo "2183"]
[BlackElo "2382"]
[PlyCount "56"]
[EventDate "2009.12.30"]
[EventType "swiss"]
[EventRounds "9"]
[EventCountry "FRA"]
[WhiteTeamCountry "FRA"]
[BlackTeamCountry "FRA"]

1. e4 d5 2. exd5 Qxd5 3. Nc3 Qa5 4. d4 c6 5. Bc4 Bf5 6. Nge2 e6 7. O-O Nd7 8.
Ng3 Bg6 9. Qe2 O-O-O 10. Bb3 Ngf6 11. Bd2 Qc7 12. h3 h5 13. a4 h4 14. Nge4 Nxe4
15. Nxe4 Bxe4 16. Qxe4 Nc5 17. Qe3 Nxb3 18. Qxb3 Rxd4 19. Be3 Rb4 20. Qa2 Qe5
21. c3 Bd6 22. Rfd1 Re4 23. f4 Rxf4 24. Bxf4 Qxf4 25. b4 Qh2+ 26. Kf1 Rh5 27.
Rd3 Bg3 28. Qd2 Rf5+ 0-1

[Event "Béthune Op A"]
[Site "Bethune"]
[Date "2009.12.26"]
[Round "2.20"]
[White "Delabaca, Romuald"]
[Black "Bedouin, Xavier"]
[Result "1/2-1/2"]
[WhiteElo "2212"]
[BlackElo "2351"]
[PlyCount "67"]
[EventDate "2009.12.30"]
[EventType "swiss"]
[EventRounds "9"]
[EventCountry "FRA"]
[WhiteTeamCountry "FRA"]
[BlackTeamCountry "FRA"]

1. e4 c5 2. Nf3 Nc6 3. d4 cxd4 4. Nxd4 g6 5. Nc3 Bg7 6. Be3 Nf6 7. Bc4 O-O 8.
Bb3 a5 9. O-O Nxd4 10. Bxd4 d6 11. Qe2 Bd7 12. a3 Bc6 13. f3 Nd7 14. Qf2 Bxd4
15. Qxd4 Qb6 16. Qxb6 Nxb6 17. Rad1 Rfc8 18. Rfe1 Kf8 19. Kf2 Bd7 20. e5 dxe5
21. Rxe5 e6 22. Re2 Bc6 23. Red2 Ke7 24. g3 g5 25. Rd4 a4 26. Ba2 Ra5 27. g4 h5
28. h3 Rh8 29. Kg3 Nd7 30. Re1 Rc5 31. Re2 b5 32. Bd5 Bxd5 33. Nxd5+ Ke8 34.
Nc3 1/2-1/2

[Event "Béthune Op A"]
[Site "Bethune"]
[Date "2009.12.27"]
[Round "3.1"]
[White "Burmakin, Vladimir"]
[Black "Michiels, Bart"]
[Result "1/2-1/2"]
[WhiteElo "2602"]
[BlackElo "2461"]
[PlyCount "108"]
[EventDate "2009.12.30"]
[EventType "swiss"]
[EventRounds "9"]
[EventCountry "FRA"]
[WhiteTeamCountry "FRA"]
[BlackTeamCountry "FRA"]

1. d4 d5 2. Nf3 Nf6 3. g3 c6 4. Bg2 Bf5 5. Nh4 Bg4 6. h3 Bh5 7. g4 Bg6 8. Nxg6
hxg6 9. c4 e6 10. Qb3 Qc7 11. Nc3 Nbd7 12. Bg5 Bd6 13. Rc1 dxc4 14. Qxc4 Bf4
15. Bxf4 Qxf4 16. e3 Qd6 17. Qb3 Rb8 18. Qa3 Qxa3 19. bxa3 g5 20. Rb1 Ke7 21.
Rb3 Nb6 22. Ke2 Nc4 23. Rc1 Nd6 24. Rbb1 b6 25. Rb2 Nc4 26. Rb4 Na5 27. Nb1 Nd7
28. Rb2 Rbc8 29. Nd2 Rc7 30. Ne4 f6 31. Rbc2 Rhc8 32. a4 Nb8 33. Ke1 Na6 34.
Rb2 c5 35. d5 exd5 36. Nc3 Nb4 37. Rxb4 cxb4 38. Nxd5+ Kd6 39. Nxc7 Rxc7 40.
Rd1+ Ke7 41. Rb1 Rc2 42. Rxb4 Rxa2 43. Be4 Kd6 44. Rd4+ Ke5 45. Bf5 Nb3 46.
Re4+ Kd6 47. Re6+ Kc5 48. Re7 Rxa4 49. Rxg7 a5 50. Rc7+ Kb4 51. Re7 Kc5 52.
Rc7+ Kb4 53. Re7 Kc5 54. Rc7+ Kb4 1/2-1/2